Gaming Quiz

Random Gaming or Letter Quiz

Letters Minefield: Pokémon Quiz Stats

Quiz Updated Sep 11, 2017

Challenge
Share
Tweet
Embed
Score 0/22 Timer 01:30
17 Plays Today
% Correct
???
89.4%
???
89%
???
89%
???
87.1%
???
86.4%
???
85.1%
???
84.4%
???
83.3%
???
81.2%
???
80.1%
???
78.8%
% Correct
???
78.8%
???
78.6%
???
78.1%
???
76.6%
???
75.7%
???
75%
???
74.2%
???
67.4%
???
67.2%
???
64.3%
???
55.2%

You're not logged in!

Compare scores with friends on all Sporcle quizzes.
Sign Up with Email
OR
Log In

You Might Also Like...

Show Comments

Extras

Top Quizzes Today


Score Distribution

Your Account Isn't Verified!

In order to create a playlist on Sporcle, you need to verify the email address you used during registration. Go to your Sporcle Settings to finish the process.